| 000 | 01226cam a22003494a 4500 | ||
|---|---|---|---|
| 001 | 13865875 | ||
| 003 | OSt | ||
| 005 | 20140310181747.0 | ||
| 008 | 050209s2005 nyuab b 001 0 eng | ||
| 010 | _a 2005042138 | ||
| 020 | _a081296716X | ||
| 040 |
_aDLC _cDLC _dDLC |
||
| 042 | _apcc | ||
| 050 | 0 | 0 |
_aD 843 _b.C875 2005 |
| 082 | 0 | 0 |
_a909.82/5 _222 |
| 245 | 0 | 4 |
_aThe Cold War : _ba military history / _cedited by Robert Cowley. |
| 250 | _a1st ed. | ||
| 260 |
_aNew York : _bRandom House, _cc2005. |
||
| 300 |
_axvi, 478 p. : _bill., maps ; _c25 cm. |
||
| 650 | 0 | _aCold War. | |
| 650 | 0 |
_aMilitary history _y20th century. |
|
| 700 | 1 | _aCowley, Robert. | |
| 856 | 4 | 2 |
_3Contributor biographical information _uhttp://www.loc.gov/catdir/enhancements/fy0701/2005042138-b.html |
| 856 | 4 | 2 |
_3Publisher description _uhttp://www.loc.gov/catdir/enhancements/fy0701/2005042138-d.html |
| 856 | 4 | 1 |
_3Sample text _uhttp://www.loc.gov/catdir/enhancements/fy0701/2005042138-s.html |
| 906 |
_a7 _bcbc _corignew _d1 _eocip _f20 _gy-gencatlg |
||
| 942 |
_2lcc _cBK |
||
| 999 |
_c3047 _d3047 |
||